Le Pays Basque en images - Statistiques

Statistiques générales
  • Ce quiz a été pris 485 fois
  • Le résultat moyen est 11 sur 18
Statistiques - réponses
Par images Hint Réponse % Correct
Chaîne de montagnes Pyrénées
89%
Épice Piment d'Espelette
86%
Spécialisé dans la cuisine basque Philippe Etchebest
81%
Sport La pelote basque
80%
Peinture de Picasso Guernica
78%
Ville Biarritz
75%
Spécialité culinaire Jambon de Bayonne
71%
Journaliste Anne-Sophie Lapix
64%
Golfe Golfe de Gascogne
64%
Ancienne pêche La pêche à la baleine
64%
Ville Saint-Sébastien
64%
Musée Musée Guggenheim
56%
Province Navarre
50%
Emblème La croix basque
46%
Poney basque Pottok
39%
Capitale Vitoria-Gasteiz
33%
Fêtes de Pampelune Fêtes de San Fermín
24%
Désert Bardenas Reales
22%
Aucun quiz correspondant
Distribution des résultats
% des personnes avec chaque résultat
Percentile par nombre de réponses
Votre historique - résultats
Vous n’avez pas pris ce quiz